|
|
|
|
| LEADER |
00000naa a2200000 ar4500 |
| 001 |
vtls010029058 |
| 003 |
SK-MaSNL |
| 005 |
20260302143016.0 |
| 008 |
091207|2008 xo |||||||||||||| ||slo |
| 015 |
|
|
|a SNBRA2009/12
|2 snkbucl
|
| 038 |
|
|
|a SNKBUCL
|
| 040 |
|
|
|a SNKBUCL
|b slo
|e AACR2
|c SNKBUCL
|
| 041 |
1 |
|
|a slo
|b eng
|
| 044 |
|
|
|a xo
|c SK
|
| 080 |
|
|
|a 595.789
|x (437.6)
|2 2001
|
| 080 |
|
|
|a 502.21(1-751.3)
|x (437.6)
|2 2001
|
| 100 |
1 |
|
|a Kalivoda, Henrik,
|d 1970-
|4 aut
|9 113416
|
| 245 |
1 |
0 |
|a Historické zmeny v zložení spoločenstiev motýľov s dennou aktivitou (Hesperioidea, Papilionoidea) v Belianskych Tatrách v závislosti od zmien využívania krajiny
|c Henrik Kalivoda
|
| 300 |
|
|
|b Tab.
|
| 504 |
|
|
|a Bibliogr. odkazy
|
| 546 |
|
|
|a Res. angl.
|
| 650 |
0 |
7 |
|a motýle
|2 snkbucl
|9 30304
|
| 650 |
0 |
7 |
|a súmračníkovité
|2 snkbucl
|9 99207
|
| 650 |
0 |
7 |
|a vidlochvostovité
|2 snkbucl
|9 99206
|
| 651 |
|
7 |
|a Belianske Tatry (Slovensko : pohorie)
|2 snkbucl
|9 177592
|
| 655 |
|
7 |
|a štúdie
|2 snkbucl
|9 57033
|
| 773 |
0 |
|
|t Biosférické rezervácie na Slovensku VII
|d Zvolen : Technická univerzita, 2008
|g S. 215-219
|z 9788022819572
|
| 852 |
|
|
|a SNK
|b KIS3GCP
|
| 958 |
|
|
|a NB
|
| 999 |
|
|
|c 1342004
|d 1343934
|